00310nam a22001217a 4500003000400000020001800004082001600022100002000038245007100058260003800129300000700167650001400174SGT a9786208442309 a617.6bO25K aKhurana, Charu  aNarrative-based DentistrybThe Art of listening in Dental practice bLambert Academic Publishingc2025 a56 aDentistry